00501 2200181 4500001002100000005001500021035002000036007000300056008004100059020002200100082001100122084001700133100001800150245006500168260003100233300003500264700002000299INLIS00000000000034120260121084034 a0010-0126000034ta260121 0 ind  a978-623-180-554-6 a657.04 a657.04 SUC k0 aSuciono, bimo1 aKomputer Akuntansi pada Perusahaan Dagang dengan Accurate XI aJakarta :bErlangga,c2023 aix + 278 hlm. ;c17,5 x 25 cm.0 aRahmanto, Yudhi